Vampires don't wear polka dots / by Debbie Dadey ... Read More
Available copies
- 1 of 1 copy available at LARL/NWRL Consortium.
Current holds
0 current holds with 1 total copy.
Show Only Available Copies
| Location | Call Number / Copy Notes | Barcode | Shelving Location | Status | Due Date |
|---|---|---|---|---|---|
| Roseau Public Library | j DAD (Text) | 35500006773707 | Main | Available | - |
Record details
- ISBN: 9780590434119
- ISBN: 059043411X
- Physical Description: 78 pages : illustrations ; 20 cm
- Publisher: New York : Scholastic, 2007, ℗♭1990.
Content descriptions
| Summary, etc.: | The third grade at Bailey Elementary was very hard ... Read More |
| Target Audience Note: | 3 007-010 |
Search for related items by subject
| Subject: | Teachers > Juvenile fiction. Schools > Juvenile fiction. |
| Genre: | Horror fiction. Fiction. Novels. |
Search for related items by series
| LDR | 01520cam a2200409 a 4500 | ||
|---|---|---|---|
| 001 | 435372 | ||
| 003 | LARL_NWRL_CONSORTIUM | ||
| 005 | 20240405144448.0 | ||
| 008 | 071009t20071990nyua j 000 1 eng d | ||
| 019 | . | ‡a966081496 | |
| 020 | . | ‡a9780590434119 ‡q(pbk.) | |
| 020 | . | ‡a059043411X ‡q(pbk.) | |
| 035 | . | ‡a(OCoLC)173842210 ‡z(OCoLC)966081496 | |
| 040 | . | ‡aIFA ‡beng ‡cIFA ‡dBAKER ‡dJAG ‡dOCLCF ‡dOCLCO ‡dOCLCQ ‡dOCLCO ‡dEHH ‡dIAD ‡dOCLCO ‡dCNGUL ‡dBYV ‡dCHILD ‡dLKC ‡dOCLCQ ‡dGILDS ‡dUOK ‡dTZ7 ‡dKLP ‡dOCLCQ ‡dOCLCO ‡dOCL ‡dOCLCO | |
| 082 | 0 | 4. | ‡a[Fic] ‡222 |
| 100 | 1 | . | ‡aDadey, Debbie. ‡0(LARL_NWRL_CONSORTIUM)137968 |
| 245 | 1 | 0. | ‡aVampires don't wear polka dots / ‡cby Debbie Dadey and Marcia Jones ; illustrated by John Steven Gurney. |
| 260 | . | ‡aNew York : ‡bScholastic, ‡c2007, ℗♭1990. | |
| 300 | . | ‡a78 pages : ‡billustrations ; ‡c20 cm | |
| 336 | . | ‡atext ‡btxt ‡2rdacontent | |
| 337 | . | ‡aunmediated ‡bn ‡2rdamedia | |
| 338 | . | ‡avolume ‡bnc ‡2rdacarrier | |
| 490 | 0 | . | ‡aAdventures of the Bailey School kids ; ‡v1 |
| 520 | . | ‡aThe third grade at Bailey Elementary was very hard to handle, until a strange new teacher named Mrs. Jeepers arrived. | |
| 521 | 0 | . | ‡a3 |
| 521 | 1 | . | ‡a007-010 |
| 650 | 0. | ‡aTeachers ‡vJuvenile fiction. ‡0(LARL_NWRL_CONSORTIUM)175424 | |
| 650 | 0. | ‡aSchools ‡vJuvenile fiction. ‡0(LARL_NWRL_CONSORTIUM)167227 | |
| 655 | 7. | ‡aHorror fiction. ‡2gsafd | |
| 655 | 7. | ‡aFiction. ‡2lcgft | |
| 655 | 7. | ‡aNovels. ‡2lcgft | |
| 700 | 1 | . | ‡aJones, Marcia Thornton. ‡0(LARL_NWRL_CONSORTIUM)137962 |
| 700 | 1 | . | ‡aGurney, John, ‡eillustrator. ‡0(LARL_NWRL_CONSORTIUM)197007 |
| 901 | . | ‡a435372 ‡bAUTOGEN ‡c435372 ‡tbiblio | |

Add to basket
Permalink
Disable Highlighting